000 00693na a2200217 4500
001 18299
003 MIRAKIL
005 20181213155003.0
008 161116b tu 000 0
040 _aMilas
_btur
_cTR-AnCHP
041 _atur
082 _a342.03
_bV86 2007
090 _a342.03 V86 2007
100 _aVuraldoğan, Kemal
245 _a2001 Anayasa değişikliklerinin ışığında 1982 Anayasası'nda temel hak ve özgürlüklerin sınırlanması
_cKemal Vural
260 _aAnkara
_bAnkara Barosu Yayınları
_c2007
300 _a96 s.
_c24 sm.
650 _aAnayasa hukuku
_xHakların sınırlandırılması
650 _aAnayasa hukuku
_xTemel haklar
942 _2dcc
_cBKS
999 _c4368
_d4368